Křivka ještě poroste
Vývoj investícií do reklamy v českých podnikoch v rokoch 1996 - 1997. Podiel kategórií výrobkov na celkových nákladoch. Rozdelenie reklamy do médií. Desať spoločností a značiek s najväčšími investíciami do reklamy.
Salvato in:
| Natura: | Libro |
|---|---|
| Lingua: | ceco |
| Soggetti: | |
| Tags: |
Nessun Tag, puoi essere il primo ad aggiungerne!!
|
MARC
| LEADER | 00000nam a2200000 4500 | ||
|---|---|---|---|
| 001 | r030505 | ||
| 005 | 20230911122752.4 | ||
| 041 | 0 | |a cze | |
| 044 | |a CZ | ||
| 245 | 1 | 0 | |a Křivka ještě poroste |
| 520 | |a Vývoj investícií do reklamy v českých podnikoch v rokoch 1996 - 1997. Podiel kategórií výrobkov na celkových nákladoch. Rozdelenie reklamy do médií. Desať spoločností a značiek s najväčšími investíciami do reklamy. | ||
| 610 | 2 | 0 | |a reklama |
| 610 | 2 | 0 | |a investície |
| 610 | 2 | 0 | |a Česko |
| 610 | 2 | 0 | |a podnikanie |
| 610 | 2 | 0 | |a 1996-1997 |